Basic statistics for research / (Record no. 499)

MARC details
000 -LEADER
fixed length control field 00594nam a22001937a 4500
005 - DATE AND TIME OF LATEST TRANSACTION
control field 20230607081126.0
008 - FIXED-LENGTH DATA ELEMENTS--GENERAL INFORMATION
fixed length control field 230110b |||||||| |||| 00| 0 eng d
020 ## - INTERNATIONAL STANDARD BOOK NUMBER
International Standard Book Number 978-971-9617-56-3
082 ## - DEWEY DECIMAL CLASSIFICATION NUMBER
Classification number G.S. 519.5 D286 2015
100 ## - MAIN ENTRY--PERSONAL NAME
Personal name De Belen, Rustico T.
Relator term author
245 ## - TITLE STATEMENT
Title Basic statistics for research /
Statement of responsibility, etc. Rustico T. De Belen, Joel P. Feliciano
250 ## - EDITION STATEMENT
Edition statement 1st ed.
260 ## - PUBLICATION, DISTRIBUTION, ETC.
Place of publication, distribution, etc. Quezon City:
Name of publisher, distributor, etc. Wiseman's Books Trading,
Date of publication, distribution, etc. c2015.
300 ## - PHYSICAL DESCRIPTION
Extent v, 160p.:
Other physical details ill.
504 ## - BIBLIOGRAPHY, ETC. NOTE
Bibliography, etc. note Includes bibliographies
541 ## - IMMEDIATE SOURCE OF ACQUISITION NOTE
Accession number 4421
650 ## - SUBJECT ADDED ENTRY--TOPICAL TERM
Topical term or geographic name entry element Statistics
700 ## - ADDED ENTRY--PERSONAL NAME
Personal name Feliciano, Joel P.
Relator term author
Holdings
Withdrawn status Lost status Source of classification or shelving scheme Damaged status Not for loan Home library Current library Date acquired Total Checkouts Full call number Barcode Date due Date last seen Date last checked out Copy number Price effective from Koha item type
    Dewey Decimal Classification     ctu-moalboal ctu-moalboal 05/06/2016 1 G.S. 519.5 D286 2015 4421 04/05/2023 03/22/2023 03/22/2023 1 01/10/2023 Books - Graduate School
    Dewey Decimal Classification     ctu-moalboal ctu-moalboal 03/08/2018   G.S. 519.5 D286 2015 5251   01/10/2023   2 01/10/2023 Books - Graduate School
    Dewey Decimal Classification     ctu-moalboal ctu-moalboal 03/08/2018   G.S. 519.5 D286 2015 5252   01/10/2023   3 01/10/2023 Books - Graduate School